000 00472nam a22001817a 4500
003 OSt
005 20260319140923.0
008 260319b |||||||| |||| 00| 0 eng d
020 _a9781324075967
082 _a006.3
_bHAGO
100 _aHagey, Keach
245 _aOptimist:Sam Altman,open AI,and the race to invent the future
260 _aNew York
_bW.W. Norton & Company
_c2025
300 _a367p
546 _aEnglish
650 _aCompter Science
942 _2ddc
_cBK
999 _c3968
_d3968